000 00508nam a2200145Ia 4500
008 231129s2008||||xx |||||||||||||| ||spa||
020 _a978-958-44-3104-2
040 _bspa
082 _aCo863.6 B326r
100 _aBastidas Padilla Carlos
245 0 _aRomance del guerrero olvidado: la novela de la vida heroica romantica y aventurera de Francisco de Paula Santander
260 _c2008
264 _aCaza de Libros : Caza de Libros: Pijao Editores
942 _2ddc
_cBKS
999 _c24160
_d24160